| 000 | 00640nam a2200193 a 4500 | ||
|---|---|---|---|
| 005 | 20221118063438.0 | ||
| 008 | 991125m19491968mx 000 0 spa u | ||
| 020 | _a9684160160 | ||
| 035 | _aUPN01000002373 | ||
| 049 | _aLT | ||
| 050 | 4 |
_aLB1573 M6.1 _bA42 |
|
| 245 | 0 | 0 |
_aAmanecer : _blibro de lectura para grado elemental / _cdir. Santiago Hernández Ruiz. |
| 260 |
_aMéxico : _bFernández, _c1949 (1968 impr.). |
||
| 300 |
_a128 p. : _bil. col. |
||
| 440 | 0 | _aContinental de libros escolares | |
| 650 | 4 |
_aLectura _xEstudio y enseñanza (Elemental) _92805 |
|
| 700 | 1 |
_aHernández Ruiz, Santiago, _d1901-1988 _edir. _928897 |
|
| 905 | _aLibro | ||
| 999 |
_c2373 _d2373 |
||